Milyen a bűn, ha regionális?

Elmentve itt :
Bibliográfiai részletek
Szerző: Bátyi Zoltán
Dokumentumtípus: Cikk
Megjelent: 1997-06-20
Sorozat:Délmagyarország 87 No. 142
Kulcsszavak:Csongrád megye, Közrendvédelem rendőrség Csongrád megye, Társadalmi problémák bűnőzés bűnüldözés konferencia Csongrád megye
Online Access:http://dmarchiv.bibl.u-szeged.hu/83046
LEADER 00576nab a2200157 i 4500
001 delm83046
005 20191018091941.0
008 191018s1997 hu o 0|| hun d
040 |a SZTE Délmagyarország Archívum  |b hun 
041 |a hun 
100 1 |a Bátyi Zoltán 
245 1 0 |a Milyen a bűn, ha regionális?  |h [elektronikus dokumentum] /  |c  Bátyi Zoltán 
260 |c 1997-06-20 
300 |a 4 
490 0 |a Délmagyarország  |v 87 No. 142 
695 |a Csongrád megye, Közrendvédelem rendőrség Csongrád megye, Társadalmi problémák bűnőzés bűnüldözés konferencia Csongrád megye